000 00413cam a22001217a 4500
008 180718b1967 xxu||||| |||| 00| 0 eng d
082 _aA81x54 In2/61/Vol 14/Pt 6-C (5)
100 _aCensus of India 1961
245 _aRajasthan: village survey monographs, Kailaspuri
260 _aDelhi
_bThe Manager of Publications
_c1967
300 _a32+p.
440 _aCensus of India 1961. Volume XIV, Rajasthan. Part VI-C (5)
999 _c484364
_d484364